[Event "Lvov Bobersky 150 ann"]
[Site "Lvov"]
[Date "2023.12.19"]
[Round "8"]
[White "Bondarenko, Stanislav"]
[Black "Goncharenko, Rostislav"]
[Result "0-1"]
[WhiteElo "1633"]
[BlackElo "1672"]
[PlyCount "122"]
[EventDate "2023.12.19"]
[EventType "tourn (blitz)"]
[EventRounds "14"]
[EventCountry "UKR"]
[SourceTitle "CB52_2023"]
[SourceDate "2023.12.27"]
[SourceVersion "1"]
[SourceVersionDate "2023.12.27"]
[SourceQuality "1"]

1. Nf3 c6 2. d4 d5 3. c4 Nf6 4. Nc3 e6 5. cxd5 exd5 6. Bf4 Bd6 7. Bxd6 Qxd6 8. e3 0-0 9. Bd3 Bg4 10. 0-0 Nbd7 11. h3 Bh5 12. Be2 Bg6 13. Rc1 Ne4 14. Nxe4 Bxe4 15. Bd3 Nf6 16. Bxe4 Nxe4 17. a3 a5 18. Nd2 Ng5 19. f4 Ne4 20. Nxe4 dxe4 21. Qc2 Qe6 22. Qc4 Rfe8 23. Qxe6 Rxe6 24. Rc5 b6 25. Re5 Rae8 26. Rc1 f6 27. Rxe6 Rxe6 28. Kf2 f5 29. Ke2 Kf7 30. b4 axb4 31. axb4 Ke7 32. Ra1 Kd6 33. Ra6 b5 34. Ra7 Re7 35. Ra8 Kd5 36. Kd2 Kc4 37. Rc8 Re6 38. Rc7 g6 39. Rxh7 Kxb4 40. g4 Kc4 41. g5 Rd6 42. Rc7 b4 43. Kc2 b3+ 44. Kb2 Kd3 45. h4 Kxe3 46. h5 gxh5 47. Rh7 Kxf4 48. Rh6 Rd7 49. g6 Rg7 50. Rxh5 Rxg6 51. Kxb3 e3 52. Rh4+ Kf3 53. Rh3+ Ke4 54. Kc3 f4 55. Rh8 Re6 56. Kc2 Kxd4 57. Rd8+ Ke4 58. Kd1 Kf3 59. Rh8 Kg3 60. Rg8+ Kf2 61. Kc2 e2 0-1

[Event "Lvov Bobersky 150 ann"]
[Site "Lvov"]
[Date "2023.12.19"]
[Round "11"]
[White "Bondarenko, Stanislav"]
[Black "Prohorov, Olexandr"]
[Result "1-0"]
[WhiteElo "1633"]
[BlackElo "2086"]
[PlyCount "101"]
[EventDate "2023.12.19"]
[EventType "tourn (blitz)"]
[EventRounds "14"]
[EventCountry "UKR"]
[SourceTitle "CB52_2023"]
[SourceDate "2023.12.27"]
[SourceVersion "1"]
[SourceVersionDate "2023.12.27"]
[SourceQuality "1"]

1. Nf3 Nf6 2. b3 g6 3. Bb2 Bg7 4. c4 0-0 5. d4 d5 6. e3 b6 7. Nbd2 Bb7 8. Be2 a5 9. 0-0 Nc6 10. Rc1 e6 11. cxd5 Nxd5 12. a3 Nce7 13. Nc4 Rc8 14. Nce5 c5 15. dxc5 Rxc5 16. Rxc5 bxc5 17. Qc2 Qc8 18. Rc1 Rd8 19. Qxc5 Qa8 20. h3 Rc8 21. Qd6 Rd8 22. Qc5 Rc8 23. Qb5 Rxc1+ 24. Bxc1 Qc8 25. Qc4 Qb8 26. Nd7 Qd6 27. Nc5 Bc6 28. a4 Nb4 29. Ba3 Bd5 30. Qc1 Nec6 31. Nd3 h6 32. Nxb4 axb4 33. Bb2 Bxb3 34. Bxg7 Kxg7 35. Qb2+ Kf8 36. Qxb3 Qc5 37. Bb5 Na5 38. Qd1 b3 39. Qd8+ Kg7 40. Qd4+ Qxd4 41. Nxd4 b2 42. Bd3 Nc4 43. Nb3 Kf6 44. Kf1 Ke5 45. Ke2 Na3 46. Nd2 Kd5 47. Nb1 Nc4 48. Bxc4+ Kxc4 49. Kd2 Kb3 50. a5 Ka2 51. Kc2 1-0

[Event "Lvov Bobersky 150 ann"]
[Site "Lvov"]
[Date "2023.12.19"]
[Round "1"]
[White "Goncharenko, Rostislav"]
[Black "Bondarenko, Stanislav"]
[Result "1/2-1/2"]
[WhiteElo "1672"]
[BlackElo "1633"]
[PlyCount "49"]
[EventDate "2023.12.19"]
[EventType "tourn (blitz)"]
[EventRounds "14"]
[EventCountry "UKR"]
[SourceTitle "CB52_2023"]
[SourceDate "2023.12.27"]
[SourceVersion "1"]
[SourceVersionDate "2023.12.27"]
[SourceQuality "1"]

1. d4 Nf6 2. c4 e6 3. Nc3 d5 4. Bg5 Be7 5. e3 c6 6. Nf3 h6 7. Bf4 0-0 8. cxd5 exd5 9. Bd3 Bg4 10. h3 Be6 11. 0-0 Nbd7 12. Rb1 Rc8 13. b4 Nb6 14. b5 c5 15. dxc5 Bxc5 16. Ne2 Ne4 17. Bxe4 dxe4 18. Qxd8 Rfxd8 19. Nfd4 Bxa2 20. Ra1 Bc4 21. Rfc1 Bd3 22. Rxa7 Nd5 23. Rxb7 Bxd4 24. Rxc8 Rxc8 25. Nxd4 1/2-1/2

[Event "Lvov Bobersky 150 ann"]
[Site "Lvov"]
[Date "2023.12.19"]
[Round "9"]
[White "Voloshchuk, Svyatoslav"]
[Black "Bondarenko, Stanislav"]
[Result "1-0"]
[WhiteElo "1653"]
[BlackElo "1633"]
[PlyCount "62"]
[EventDate "2023.12.19"]
[EventType "tourn (blitz)"]
[EventRounds "14"]
[EventCountry "UKR"]
[SourceTitle "CB52_2023"]
[SourceDate "2023.12.27"]
[SourceVersion "1"]
[SourceVersionDate "2023.12.27"]
[SourceQuality "1"]

1. e4 c5 2. d4 cxd4 3. c3 Nc6 4. cxd4 d5 5. e5 e6 6. Nf3 Bb4+ 7. Nc3 Nge7 8. Bd3 Bd7 9. 0-0 Bxc3 10. bxc3 a6 11. Ng5 h6 12. Qh5 g6 13. Qh3 h5 14. Nf3 b5 15. Bg5 Qc7 16. Bf6 Rg8 17. Ng5 Na5 18. Be2 Nc4 19. Bxh5 gxh5 20. Qxh5 Ng6 21. Qh7 Rf8 22. Nxf7 Rxf7 23. Qxg6 Bc8 24. h4 Nd2 25. Rfe1 Ne4 26. Re3 Nxf6 27. exf6 Bb7 28. Qg8+ Rf8 29. Qxe6+ Kd8 30. Qe7+ Qxe7 31. fxe7+ Kd7 1-0

[Event "Brody Bryvka Memorial"]
[Site "Brody"]
[Date "2023.12.17"]
[Round "8"]
[White "Mikhaletz, Lubomir"]
[Black "Bondarenko, Stanislav"]
[Result "1-0"]
[WhiteElo "2116"]
[BlackElo "1912"]
[PlyCount "75"]
[EventDate "2023.12.17"]
[EventType "swiss"]
[EventRounds "9"]
[EventCountry "UKR"]
[SourceTitle "CB51_2023"]
[SourceDate "2023.12.20"]
[SourceVersion "1"]
[SourceVersionDate "2023.12.20"]
[SourceQuality "1"]

1. d4 Nf6 2. Bg5 e6 3. e3 d5 4. Nd2 Be7 5. Bd3 h6 6. Bh4 Nbd7 7. f4 c5 8. c3 Qc7 9. Qf3 b6 10. Ne2 Bb7 11. g4 Ne4 12. Bxe7 Nxd2 13. Kxd2 Kxe7 14. Ng3 Rae8 15. h4 Kd8 16. g5 hxg5 17. hxg5 g6 18. Qg4 Bc8 19. Rh6 e5 20. Qh4 Rhg8 21. fxe5 Nf8 22. Rf1 Rg7 23. Rh8 Qe7 24. Rf6 Ne6 25. Rh6 Kc7 26. Ne2 Kb8 27. Nf4 Rd8 28. Nxe6 Bxe6 29. Rh7 Qf8 30. Rh6 Qe7 31. a3 c4 32. Bf1 Qd7 33. Bh3 Bxh3 34. Qxh3 Qb5 35. Kc1 Qb3 36. Rh7 Rxh7 37. Qxh7 Qa2 38. Rxf7 1-0